[Event "Isle of Man Major Minor"]
[Site "Douglas"]
[Date "2023.11.01"]
[Round "5.15"]
[White "Woodard, Brian"]
[Black "Towers, Brian"]
[Result "0-1"]
[WhiteElo "1649"]
[BlackElo "1703"]
[PlyCount "110"]
[EventDate "2023.10.28"]
[EventType "swiss"]
[EventRounds "7"]
[EventCountry "IOM"]
[SourceTitle "BritBase"]
[Source "John Saunders"]
[SourceDate "2023.11.12"]
[SourceVersion "1"]
[SourceVersionDate "2023.11.12"]
[SourceQuality "1"]

1. d4 f5 2. Nf3 Nf6 3. c3 e6 4. Bf4 b6 5. Nbd2 Bb7 6. e3 Be7 7. h3 O-O 8. Qc2
Ne4 9. Nxe4 Bxe4 10. Bd3 d5 11. Rg1 c5 12. Bxb8 Qxb8 13. Ne5 Qc7 14. f4 c4 15.
Bxe4 fxe4 16. O-O-O b5 17. a3 a5 18. Kd2 b4 19. axb4 axb4 20. Ra1 Qb7 21. Rgb1
b3 22. Qd1 Ra2 23. Qg4 Rf6 24. Kc1 Ba3 25. Qe2 Bxb2+ 26. Qxb2 Rxb2 27. Kxb2 Rf8
28. Ra3 Ra8 29. Rba1 Rxa3 30. Rxa3 h6 31. Ra1 g5 32. g3 gxf4 33. exf4 Qg7 34.
Ra8+ Kh7 35. g4 Qb7 36. Ra1 Qe7 37. h4 Qf8 38. Ra7+ Kg8 39. Ng6 Qb8 40. Ra1 Kf7
41. h5 Ke8 42. Re1 Kd8 43. Ne5 Kc7 44. Ra1 Kb7 45. Ra4 Qe8 46. Ra1 Kb6 47. Re1
Qg8 48. Ng6 Kb5 49. Ne5 Qf8 50. Ng6 Qf7 51. Ra1 e3 52. Kc1 Qe7 53. Ne5 e2 54.
Kb2 Qd8 55. Nf7 Qa5 0-1

[Event "Isle of Man Major Minor"]
[Site "Douglas"]
[Date "2023.11.01"]
[Round "5.16"]
[White "Costello, John"]
[Black "Griffin, John"]
[Result "1-0"]
[WhiteElo "1720"]
[BlackElo "1646"]
[PlyCount "47"]
[EventDate "2023.10.28"]
[EventType "swiss"]
[EventRounds "7"]
[EventCountry "IOM"]
[SourceTitle "BritBase"]
[Source "John Saunders"]
[SourceDate "2023.11.12"]
[SourceVersion "1"]
[SourceVersionDate "2023.11.12"]
[SourceQuality "1"]

1. d4 e6 2. c4 a6 3. e4 Bb4+ 4. Bd2 c5 5. Nf3 Qe7 6. Bxb4 cxb4 7. Nbd2 b6 8.
Bd3 d5 9. cxd5 exd5 10. e5 f6 11. O-O Nc6 12. Re1 Be6 13. Qa4 Qd7 14. exf6 Nxf6
15. Rxe6+ Qxe6 16. Re1 Ne4 17. Nxe4 O-O 18. Neg5 Qd6 19. Re6 Qf4 20. Rxc6 Rac8
21. Qc2 Rce8 22. Ne6 Rxe6 23. Rxe6 Qg4 24. Re3 1-0

[Event "Isle of Man Major Minor"]
[Site "Douglas"]
[Date "2023.11.01"]
[Round "5.18"]
[White "Armstrong, Chris"]
[Black "Dunkley, David"]
[Result "1-0"]
[WhiteElo "1485"]
[BlackElo "1270"]
[PlyCount "73"]
[EventDate "2023.10.28"]
[EventType "swiss"]
[EventRounds "7"]
[EventCountry "IOM"]
[SourceTitle "BritBase"]
[Source "John Saunders"]
[SourceDate "2023.11.12"]
[SourceVersion "1"]
[SourceVersionDate "2023.11.12"]
[SourceQuality "1"]

1. d4 d5 2. c4 dxc4 3. Nf3 Nf6 4. Nc3 c6 5. a4 Bf5 6. Nh4 e6 7. Nxf5 exf5 8. e3
Bb4 9. Bxc4 g6 10. Qb3 Nd5 11. O-O Bxc3 12. bxc3 Qd7 13. Ba3 b6 14. Rfe1 Nc7
15. e4 Kd8 16. d5 c5 17. e5 Nba6 18. d6 Kc8 19. dxc7 Nxc7 20. Rad1 Qe7 21. Bxf7
Kb7 22. Bd5+ Nxd5 23. Qxd5+ Kc7 24. Qd6+ Qxd6 25. exd6+ Kd7 26. Bc1 Rhe8 27.
Kf1 Rxe1+ 28. Kxe1 Re8+ 29. Kf1 a6 30. Bf4 b5 31. axb5 axb5 32. Ra1 Re4 33.
Ra7+ Kd8 34. Bg5+ Ke8 35. d7+ Kf8 36. d8=Q+ Re8 37. Bh6+ 1-0

[Event "Isle of Man Major Minor"]
[Site "Douglas"]
[Date "2023.11.02"]
[Round "6.1"]
[White "Jackson, Oliver A"]
[Black "Narva, Triin"]
[Result "0-1"]
[WhiteElo "2072"]
[BlackElo "2093"]
[PlyCount "72"]
[EventDate "2023.10.28"]
[EventType "swiss"]
[EventRounds "7"]
[EventCountry "IOM"]
[SourceTitle "BritBase"]
[Source "John Saunders"]
[SourceDate "2023.11.12"]
[SourceVersion "1"]
[SourceVersionDate "2023.11.12"]
[SourceQuality "1"]

1. e4 g6 2. Nc3 Bg7 3. f4 c6 4. d3 d5 5. Qe2 d4 6. Nd1 e5 7. Nf3 exf4 8. Bxf4
Nf6 9. Qd2 h6 10. h3 Qb6 11. Be2 g5 12. Bh2 Be6 13. a3 a5 14. Nf2 c5 15. O-O
Nc6 16. b3 Nd7 17. e5 Ncxe5 18. Nxe5 Bxe5 19. Bxe5 Nxe5 20. Ne4 Ng6 21. Nf6+
Kd8 22. g3 Bxh3 23. Rf2 Qc7 24. Kh2 Be6 25. Bg4 Bxg4 26. Nxg4 Ra6 27. Raf1 Rf8
28. Nxh6 Nf4 29. gxf4 Rxh6+ 30. Kg1 g4 31. Rg2 f5 32. Rh2 Re6 33. Qg2 Re3 34.
Qd5+ Kc8 35. Rh5 Qe7 36. Rh7 Rg3+ 0-1

[Event "Isle of Man Major Minor"]
[Site "Douglas"]
[Date "2023.11.02"]
[Round "6.2"]
[White "Prateek, Wadhwa"]
[Black "Nicholas, Koichi B"]
[Result "0-1"]
[WhiteElo "1623"]
[BlackElo "2139"]
[PlyCount "84"]
[EventDate "2023.10.28"]
[EventType "swiss"]
[EventRounds "7"]
[EventCountry "IOM"]
[SourceTitle "BritBase"]
[Source "John Saunders"]
[SourceDate "2023.11.12"]
[SourceVersion "1"]
[SourceVersionDate "2023.11.12"]
[SourceQuality "1"]

1. d4 Nf6 2. Nf3 c5 3. e3 d5 4. Nbd2 Nc6 5. Bd3 Bg4 6. c3 e6 7. Qa4 Bxf3 8.
Nxf3 c4 9. Bb1 a6 10. Ne5 b5 11. Nxc6 Qc7 12. Qd1 Qxc6 13. f3 g6 14. e4 Bg7 15.
Bf4 Nh5 16. Be3 f5 17. g4 fxg4 18. fxg4 Nf6 19. e5 Nd7 20. Bg5 O-O 21. Qe2 Rf7
22. Rf1 Rxf1+ 23. Kxf1 Rf8+ 24. Kg1 Qb6 25. Kg2 b4 26. Qd2 bxc3 27. bxc3 Qb7
28. Qe2 Rb8 29. Bc1 Qc7 30. Bc2 Qa5 31. Qd2 Rb6 32. h4 Nxe5 33. dxe5 Bxe5 34.
Rb1 Rxb1 35. Bxb1 Qxc3 36. Qg5 Qg3+ 37. Kf1 Qf3+ 38. Kg1 Bd4+ 39. Kh2 Qf2+ 40.
Kh3 Qf3+ 41. Kh2 Qf2+ 42. Kh3 Qf1+ 0-1

[Event "Isle of Man Major Minor"]
[Site "Douglas"]
[Date "2023.11.02"]
[Round "6.3"]
[White "Pert, Nina P"]
[Black "Slade, Robin"]
[Result "1/2-1/2"]
[WhiteElo "2043"]
[BlackElo "1960"]
[PlyCount "84"]
[EventDate "2023.10.28"]
[EventType "swiss"]
[EventRounds "7"]
[EventCountry "IOM"]
[SourceTitle "BritBase"]
[Source "John Saunders"]
[SourceDate "2023.11.12"]
[SourceVersion "1"]
[SourceVersionDate "2023.11.12"]
[SourceQuality "1"]

1. e4 Nc6 2. Nf3 e5 3. Bc4 Nf6 4. d3 Bc5 5. a4 d6 6. c3 a6 7. h3 h6 8. Nbd2 Ba7
9. Nf1 d5 10. exd5 Nxd5 11. Ng3 O-O 12. O-O Be6 13. Qc2 Qf6 14. Kh2 Rfe8 15. b4
Nf4 16. Bxe6 Nxe6 17. Be3 Rad8 18. b5 Bxe3 19. fxe3 Ne7 20. Ne4 Qf5 21. Nfg5
Nf4 22. Nxf7 Qxf7 23. exf4 exf4 24. bxa6 bxa6 25. Nc5 Nd5 26. Rf3 g5 27. d4 Re3
28. Nxa6 Rde8 29. Rxe3 fxe3 30. Re1 Kg7 31. c4 Nf4 32. Nc5 Nh5 33. Nd3 Qg6 34.
Qc3 Qe4 35. a5 Nf4 36. d5+ Kg8 37. Nxf4 Qxf4+ 38. Kh1 g4 39. hxg4 Qg3 40. a6
Qh4+ 41. Kg1 Qf2+ 42. Kh1 Qh4+ 1/2-1/2

[Event "Isle of Man Major Minor"]
[Site "Douglas"]
[Date "2023.11.02"]
[Round "6.4"]
[White "Miah, Zahed"]
[Black "Spence, David J"]
[Result "0-1"]
[WhiteElo "1802"]
[BlackElo "2133"]
[PlyCount "96"]
[EventDate "2023.10.28"]
[EventType "swiss"]
[EventRounds "7"]
[EventCountry "IOM"]
[SourceTitle "BritBase"]
[Source "John Saunders"]
[SourceDate "2023.11.12"]
[SourceVersion "1"]
[SourceVersionDate "2023.11.12"]
[SourceQuality "1"]

1. e4 e6 2. d4 d5 3. e5 c5 4. c3 Qb6 5. Nf3 Nc6 6. a3 c4 7. Nbd2 Na5 8. Rb1 Bd7
9. Be2 f6 10. h4 Nh6 11. Nf1 Nf7 12. Bf4 Nc6 13. b3 cxb3 14. exf6 gxf6 15. Rxb3
Qa5 16. N1d2 Bd6 17. Bxd6 Nxd6 18. O-O Qc7 19. c4 dxc4 20. Bxc4 Na5 21. Bxe6
Bxe6 22. Re3 Kd7 23. Rfe1 Rae8 24. d5 Bxd5 25. Nd4 Rxe3 26. Qg4+ Kd8 27. Rxe3
Re8 28. Rd3 Re1+ 29. Kh2 Ne4+ 30. f4 Rh1+ 31. Kxh1 Nf2+ 32. Kg1 Nxd3 33. Qf5
Nxf4 34. Qxf6+ Ke8 35. Qh8+ Ke7 36. Qxh7+ Bf7 37. Nf5+ Kf6 38. Ne4+ Ke5 39.
Nfd6 Qc1+ 40. Kh2 Bg6 41. Qe7+ Kd5 42. Qg5+ Ke6 43. Qf6+ Kd7 44. Qg7+ Kc6 45.
Qf8 Ne2 46. Qc8+ Kd5 47. Qg8+ Ke5 48. Qxg6 Qg1+ 0-1

[Event "Isle of Man Major Minor"]
[Site "Douglas"]
[Date "2023.11.02"]
[Round "6.5"]
[White "Fleming, Andrew S J"]
[Black "Walton, Alan J"]
[Result "0-1"]
[WhiteElo "1872"]
[BlackElo "2051"]
[PlyCount "72"]
[EventDate "2023.10.28"]
[EventType "swiss"]
[EventRounds "7"]
[EventCountry "IOM"]
[SourceTitle "BritBase"]
[Source "John Saunders"]
[SourceDate "2023.11.12"]
[SourceVersion "1"]
[SourceVersionDate "2023.11.12"]
[SourceQuality "1"]

1. e4 e6 2. d4 d5 3. Nc3 Nf6 4. Bd3 c5 5. Nf3 Nc6 6. exd5 Nxd5 7. Nxd5 Qxd5 8.
dxc5 Bxc5 9. O-O b6 10. Qe2 Bb7 11. c4 Qh5 12. Re1 Ne7 13. Be4 Bxe4 14. Qxe4
O-O 15. Bd2 Qf5 16. Bc3 Qxe4 17. Rxe4 Nc6 18. a3 Rfd8 19. h3 Rd3 20. Rae1 Bxa3
21. Bxg7 Kxg7 22. bxa3 Rxa3 23. Rg4+ Kf8 24. Rh4 a5 25. Rxh7 Kg8 26. Ng5 Nd8
27. Rh5 a4 28. Re4 Rb3 29. Nh7 f5 30. Rd4 a3 31. Rd7 Nf7 32. Ng5 a2 33. Nxf7
a1=Q+ 34. Kh2 Qc1 35. Nh6+ Kf8 36. Ng4 Qc3 0-1

[Event "Isle of Man Major Minor"]
[Site "Douglas"]
[Date "2023.11.02"]
[Round "6.6"]
[White "Allen, John P"]
[Black "Coote, Trevor D"]
[Result "1-0"]
[WhiteElo "1598"]
[BlackElo "2001"]
[PlyCount "194"]
[EventDate "2023.10.28"]
[EventType "swiss"]
[EventRounds "7"]
[EventCountry "IOM"]
[SourceTitle "BritBase"]
[Source "John Saunders"]
[SourceDate "2023.11.12"]
[SourceVersion "1"]
[SourceVersionDate "2023.11.12"]
[SourceQuality "1"]

1. Nf3 Nf6 2. g3 g6 3. Bg2 Bg7 4. O-O O-O 5. d4 d6 6. b3 c6 7. Bb2 a5 8. c4 Ne4
9. Nfd2 Nxd2 10. Qxd2 Qc7 11. Nc3 Nd7 12. e3 Nf6 13. Rac1 h5 14. h3 Bh6 15. f4
Bd7 16. Kh2 Nh7 17. Qe2 f5 18. Rc2 Bg7 19. Nd1 Rae8 20. h4 e5 21. Qd3 Nf6 22.
Nf2 e4 23. Qd2 Ra8 24. a3 Rfb8 25. Rfc1 b5 26. Bf1 bxc4 27. bxc4 Rb3 28. c5 d5
29. Be2 Bc8 30. Rc3 Rbb8 31. R3c2 Ba6 32. Bxa6 Rxa6 33. Bc3 Raa8 34. Ra1 Nd7
35. Kg2 Bf6 36. Nh3 Bd8 37. Raa2 Rb3 38. Nf2 Rab8 39. Nd1 Qa7 40. Qe2 Nf6 41.
Kf1 Ng4 42. Rcb2 Kf7 43. Ke1 a4 44. Bb4 Ba5 45. Bxa5 Qxa5+ 46. Qd2 Qxd2+ 47.
Kxd2 Rd3+ 48. Ke2 Rbb3 49. Rxb3 axb3 50. Rd2 b2 51. Rxb2 Rxa3 52. Rb6 Ra2+ 53.
Rb2 Rxb2+ 54. Nxb2 Ke7 55. Na4 Kd7 56. Nb6+ Kc7 57. Na8+ Kb7 58. Nb6 Nf6 59.
Kd2 Ng8 60. Nd7 Ne7 61. Kc3 Kc7 62. Ne5 Kb7 63. Kb4 Ka6 64. Ka4 Kb7 65. Ka5 Ka7
66. Nf7 Kb7 67. Nd6+ Ka7 68. Nf7 Kb7 69. Ka4 Nc8 70. Ka5 Kb8 71. Nd8 Kc7 72.
Ne6+ Kb7 73. Nf8 Ne7 74. Ne6 Nc8 75. Nf8 Ne7 76. Nd7 Ka7 77. Ne5 Kb7 78. Ka4
Ka7 79. Ka5 Kb7 80. Nf7 Nc8 81. Nd6+ Nxd6 82. cxd6 c5 83. dxc5 Kc6 84. Kb4 d4
85. exd4 Kd7 86. d5 Kd8 87. c6 Kc8 88. Kc4 Kd8 89. Kd4 Kc8 90. Ke3 Kd8 91. d7
Kc7 92. Kd4 Kd8 93. Ke3 Kc7 94. d6+ Kd8 95. Ke2 g5 96. hxg5 e3 97. g6 h4 1-0

[Event "Isle of Man Major Minor"]
[Site "Douglas"]
[Date "2023.11.02"]
[Round "6.7"]
[White "Waddington, Michael P"]
[Black "Fabri, Henrik"]
[Result "1/2-1/2"]
[WhiteElo "1931"]
[BlackElo "1903"]
[PlyCount "148"]
[EventDate "2023.10.28"]
[EventType "swiss"]
[EventRounds "7"]
[EventCountry "IOM"]
[SourceTitle "BritBase"]
[Source "John Saunders"]
[SourceDate "2023.11.12"]
[SourceVersion "1"]
[SourceVersionDate "2023.11.12"]
[SourceQuality "1"]

1. e4 Nf6 2. e5 Nd5 3. d4 d6 4. Nf3 dxe5 5. Nxe5 c6 6. Be2 Bf5 7. O-O Nd7 8.
Nf3 e6 9. c4 N5f6 10. Nc3 Bb4 11. Bf4 O-O 12. Qb3 Bxc3 13. Qxc3 h6 14. Rfd1 Ne4
15. Qb3 Qb6 16. Qxb6 Nxb6 17. Nd2 Nf6 18. b3 Rfd8 19. Nf3 Ne4 20. Rac1 f6 21.
Ne1 Rd7 22. f3 Ng5 23. Be3 Rad8 24. Nd3 Bxd3 25. Rxd3 Nf7 26. Rcd1 g6 27. f4
Kg7 28. Bg4 f5 29. Be2 g5 30. g3 Kg6 31. Kf2 g4 32. Bc1 Nd6 33. Ke3 Ne4 34. Bf1
h5 35. Bg2 Nf6 36. a4 h4 37. a5 Nc8 38. a6 Ne7 39. axb7 Rxb7 40. Ba3 hxg3 41.
hxg3 Rc8 42. Re1 Nh5 43. Kd2 Ng7 44. Bd6 Rd7 45. Be5 Nh5 46. Ra1 Kf7 47. Ra6
Nf6 48. b4 Ne4+ 49. Kc2 Rcd8 50. Rda3 Ng6 51. Bxe4 fxe4 52. Rxa7 Nxe5 53. dxe5
Kg6 54. Rxd7 Rxd7 55. b5 cxb5 56. cxb5 Rd5 57. Rb3 e3 58. Rxe3 Rxb5 59. Rd3 Ra5
60. Rd8 Kf5 61. Rg8 Ra2+ 62. Kb3 Rg2 63. Rg5+ Ke4 64. Rxg4 Kf3 65. Rg6 Rxg3 66.
Rxg3+ Kxg3 67. f5 exf5 68. e6 f4 69. e7 f3 70. e8=Q f2 71. Qe2 Kg2 72. Qg4+ Kh1
73. Qh3+ Kg1 74. Qg3+ Kh1 1/2-1/2

[Event "Isle of Man Major Minor"]
[Site "Douglas"]
[Date "2023.11.02"]
[Round "6.8"]
[White "Wynarczyk, Raymond"]
[Black "Berendsen, David"]
[Result "1/2-1/2"]
[WhiteElo "1676"]
[BlackElo "1805"]
[PlyCount "28"]
[EventDate "2023.10.28"]
[EventType "swiss"]
[EventRounds "7"]
[EventCountry "IOM"]
[SourceTitle "BritBase"]
[Source "John Saunders"]
[SourceDate "2023.11.12"]
[SourceVersion "1"]
[SourceVersionDate "2023.11.12"]
[SourceQuality "1"]

1. e4 d6 2. d4 Nf6 3. Nc3 Nbd7 4. f4 e5 5. Nf3 exd4 6. Nxd4 g6 7. Bc4 Bg7 8.
Be3 O-O 9. O-O Re8 10. f5 Ne5 11. Be2 gxf5 12. Nxf5 Bxf5 13. Rxf5 Qd7 14. Qf1
Re6 1/2-1/2

[Event "Isle of Man Major Minor"]
[Site "Douglas"]
[Date "2023.11.02"]
[Round "6.9"]
[White "Sipos, Silvester"]
[Black "Carr, Jay A"]
[Result "1-0"]
[WhiteElo "1950"]
[BlackElo "1683"]
[PlyCount "61"]
[EventDate "2023.10.28"]
[EventType "swiss"]
[EventRounds "7"]
[EventCountry "IOM"]
[SourceTitle "BritBase"]
[Source "John Saunders"]
[SourceDate "2023.11.12"]
[SourceVersion "1"]
[SourceVersionDate "2023.11.12"]
[SourceQuality "1"]

1. d4 Nf6 2. Nc3 d5 3. Bf4 c5 4. e3 cxd4 5. exd4 a6 6. Bd3 Nc6 7. Nge2 Nb4 8.
a3 Nxd3+ 9. Qxd3 e6 10. f3 Bd6 11. Bxd6 Qxd6 12. Qe3 O-O 13. g4 Nd7 14. f4 f6
15. h4 b5 16. g5 Bb7 17. Rg1 Kh8 18. Qg3 Rg8 19. Nd1 Rae8 20. Ne3 e5 21. O-O-O
Qe6 22. f5 Qe7 23. g6 h6 24. Ng4 Nb6 25. dxe5 Bc8 26. e6 Rd8 27. Nxh6 gxh6 28.
Qe3 Kg7 29. Qxb6 Rd6 30. Qd4 Rgd8 31. Nf4 1-0

[Event "Isle of Man Major Minor"]
[Site "Douglas"]
[Date "2023.11.02"]
[Round "6.10"]
[White "Allen, Keith"]
[Black "Coe, Lawrence"]
[Result "1-0"]
[WhiteElo "2128"]
[BlackElo "1805"]
[PlyCount "111"]
[EventDate "2023.10.28"]
[EventType "swiss"]
[EventRounds "7"]
[EventCountry "IOM"]
[SourceTitle "BritBase"]
[Source "John Saunders"]
[SourceDate "2023.11.12"]
[SourceVersion "1"]
[SourceVersionDate "2023.11.12"]
[SourceQuality "1"]

1. e4 c6 2. d4 d5 3. e5 c5 4. dxc5 Nc6 5. Nf3 Bg4 6. Bf4 e6 7. Bb5 Bxc5 8. O-O
Nge7 9. h3 Bxf3 10. Qxf3 O-O 11. Bd3 Nb4 12. Nd2 Nxd3 13. Qxd3 Ng6 14. Bg3 Rc8
15. c3 Qg5 16. Rae1 Bb6 17. Kh1 Rfd8 18. Re2 h6 19. a3 Ne7 20. Rd1 Qf5 21. Nf3
Qxd3 22. Rxd3 Nf5 23. Nd2 Rc6 24. Bh2 Rcc8 25. g4 Ne7 26. h4 g6 27. f3 Kh7 28.
Bg1 Bxg1 29. Kxg1 h5 30. Kf2 Rh8 31. Kg3 hxg4 32. fxg4 Kg7 33. Nf3 Nc6 34. Ng5
Rc7 35. Nf3 Rcc8 36. Kf4 Ne7 37. Kg3 Nc6 38. b4 b5 39. Kf4 Rc7 40. a4 a6 41.
Ra2 Rhc8 42. Ra3 Na7 43. Nd4 bxa4 44. Rxa4 Nb5 45. Rxa6 Nxd4 46. cxd4 Rb8 47.
Rb3 Rc4 48. b5 Rxd4+ 49. Kf3 Rc4 50. b6 Rc6 51. Kf4 Rc4+ 52. Kg5 Re4 53. b7
Rxe5+ 54. Kf4 Re4+ 55. Kf3 Rc4 56. Ra8 1-0

[Event "Isle of Man Major Minor"]
[Site "Douglas"]
[Date "2023.11.02"]
[Round "6.11"]
[White "Pert, Max P"]
[Black "Dobson, Howard"]
[Result "1-0"]
[WhiteElo "1893"]
[BlackElo "1671"]
[PlyCount "65"]
[EventDate "2023.10.28"]
[EventType "swiss"]
[EventRounds "7"]
[EventCountry "IOM"]
[SourceTitle "BritBase"]
[Source "John Saunders"]
[SourceDate "2023.11.12"]
[SourceVersion "1"]
[SourceVersionDate "2023.11.12"]
[SourceQuality "1"]

1. e4 c5 2. Nf3 Nc6 3. d4 cxd4 4. Nxd4 d6 5. Nc3 g6 6. Be3 Bg7 7. Qd2 Nf6 8. f3
O-O 9. g4 Qa5 10. O-O-O Nxd4 11. Bxd4 Be6 12. Kb1 Qc7 13. h3 Rac8 14. f4 Nxe4
15. Nxe4 Bxd4 16. c3 Bg7 17. f5 gxf5 18. gxf5 Bxf5 19. Bd3 Bg6 20. h4 Qa5 21.
Rdg1 d5 22. h5 dxe4 23. hxg6 fxg6 24. Qh2 Rf6 25. Bxe4 Kf7 26. Qc2 Rh8 27. Rxh7
Rxh7 28. Bxg6+ Kf8 29. Bxh7 Qc5 30. Qg2 Rf7 31. Rd1 Qb6 32. Qxb7 Bxc3 33. Qc8+
1-0

[Event "Isle of Man Major Minor"]
[Site "Douglas"]
[Date "2023.11.02"]
[Round "6.12"]
[White "Ireland, David J"]
[Black "Cross, Glenn"]
[Result "1-0"]
[WhiteElo "1897"]
[BlackElo "1742"]
[PlyCount "111"]
[EventDate "2023.10.28"]
[EventType "swiss"]
[EventRounds "7"]
[EventCountry "IOM"]
[SourceTitle "BritBase"]
[Source "John Saunders"]
[SourceDate "2023.11.12"]
[SourceVersion "1"]
[SourceVersionDate "2023.11.12"]
[SourceQuality "1"]

1. b3 Nf6 2. Bb2 d5 3. e3 c5 4. Bb5+ Bd7 5. Be2 e6 6. Nf3 Bc6 7. Ne5 Nbd7 8.
Nxc6 bxc6 9. f4 Qc7 10. O-O Bd6 11. d3 O-O 12. Nd2 e5 13. g3 Qb6 14. c4 d4 15.
e4 a5 16. a4 Rab8 17. Ba3 Ne8 18. f5 Be7 19. h4 h6 20. Rb1 Nc7 21. Qe1 Na6 22.
Nf3 Nb4 23. Qd2 Qd8 24. Bc1 Nf6 25. Nh2 Nh7 26. Ng4 Qd6 27. Kg2 Rb7 28. Rh1
Rfb8 29. Nf2 Kf8 30. g4 f6 31. Nh3 Ke8 32. Rb2 Kd7 33. Qe1 Kc7 34. Qg3 Na6 35.
Bd1 Rg8 36. g5 Qd8 37. Kf1 Kd6 38. Rg2 Rb8 39. Rhg1 hxg5 40. hxg5 Nxg5 41. Bxg5
fxg5 42. Nxg5 Bxg5 43. Qxg5 Qxg5 44. Rxg5 Rbf8 45. Rg6+ Kd7 46. Rxg7+ Rxg7 47.
Rxg7+ Kd6 48. Bg4 Nc7 49. Kg2 Rf6 50. Kg3 Rh6 51. Bh3 Ne8 52. Ra7 Nf6 53. Rxa5
Nxe4+ 54. dxe4 Rxh3+ 55. Kxh3 d3 56. Ra8 1-0

[Event "Isle of Man Major Minor"]
[Site "Douglas"]
[Date "2023.11.02"]
[Round "6.14"]
[White "Towers, Brian"]
[Black "Dyshliuk, Fedir"]
[Result "1/2-1/2"]
[WhiteElo "1703"]
[BlackElo "1393"]
[PlyCount "102"]
[EventDate "2023.10.28"]
[EventType "swiss"]
[EventRounds "7"]
[EventCountry "IOM"]
[SourceTitle "BritBase"]
[Source "John Saunders"]
[SourceDate "2023.11.12"]
[SourceVersion "1"]
[SourceVersionDate "2023.11.12"]
[SourceQuality "1"]

1. d4 d5 2. Nc3 Nf6 3. Bf4 c5 4. e3 cxd4 5. exd4 a6 6. Nf3 Nc6 7. Be2 Bf5 8.
O-O e6 9. a3 Bd6 10. Bxd6 Qxd6 11. Na4 Nd7 12. Nh4 Bg6 13. Re1 Qf4 14. Nf3 O-O
15. g3 Qf6 16. b4 Rac8 17. Rc1 Be4 18. c3 Na7 19. Nc5 Nxc5 20. bxc5 Nc6 21. Nd2
Bg6 22. f4 Ne7 23. Nf3 Nc6 24. Rf1 h6 25. Ne5 Nxe5 26. fxe5 Qg5 27. Rf4 Qe7 28.
Bd3 Bxd3 29. Qxd3 b6 30. cxb6 Qxa3 31. Rff1 Qb2 32. Rb1 Qxc3 33. Qxc3 Rxc3 34.
Rf2 Rc6 35. Ra2 Ra8 36. Ra5 Rb8 37. Rxa6 Kh7 38. Kf2 Kg6 39. Rb3 f6 40. exf6
gxf6 41. Ke3 Kf5 42. h3 e5 43. Rb5 Ke6 44. g4 Kd6 45. dxe5+ fxe5 46. Raa5 Rbxb6
47. Rxd5+ Ke7 48. Rxe5+ Re6 49. Rxe6+ Rxe6+ 50. Kf4 Kf6 51. h4 Rb6 1/2-1/2

[Event "Isle of Man Major Minor"]
[Site "Douglas"]
[Date "2023.11.02"]
[Round "6.16"]
[White "Landenberger, Anja Kathrin"]
[Black "Woodard, Brian"]
[Result "1-0"]
[WhiteElo "1732"]
[BlackElo "1649"]
[PlyCount "65"]
[EventDate "2023.10.28"]
[EventType "swiss"]
[EventRounds "7"]
[EventCountry "IOM"]
[SourceTitle "BritBase"]
[Source "John Saunders"]
[SourceDate "2023.11.12"]
[SourceVersion "1"]
[SourceVersionDate "2023.11.12"]
[SourceQuality "1"]

1. d4 d6 2. Nf3 Nf6 3. Bf4 Nbd7 4. e3 c6 5. c3 g6 6. Nbd2 Bg7 7. h3 O-O 8. Be2
Re8 9. O-O d5 10. a4 a5 11. b4 Nf8 12. Qb3 Be6 13. bxa5 Ne4 14. Qb2 Qc8 15.
Nxe4 dxe4 16. Ng5 h6 17. Nxe4 g5 18. Bh2 Ng6 19. Nc5 Bxh3 20. Qxb7 Qf5 21. e4
Qf6 22. gxh3 Nf4 23. Bxf4 gxf4 24. Bf3 e5 25. Rad1 exd4 26. cxd4 Rxa5 27. Kh2
Raa8 28. e5 Qf5 29. Qxc6 Rac8 30. Qe4 Qg5 31. Rg1 Qh4 32. Rd2 Red8 33. Rg4 1-0

[Event "Isle of Man Major Minor"]
[Site "Douglas"]
[Date "2023.11.02"]
[Round "6.17"]
[White "Griffin, John"]
[Black "Armstrong, Chris"]
[Result "1/2-1/2"]
[WhiteElo "1646"]
[BlackElo "1485"]
[PlyCount "107"]
[EventDate "2023.10.28"]
[EventType "swiss"]
[EventRounds "7"]
[EventCountry "IOM"]
[SourceTitle "BritBase"]
[Source "John Saunders"]
[SourceDate "2023.11.12"]
[SourceVersion "1"]
[SourceVersionDate "2023.11.12"]
[SourceQuality "1"]

1. e4 e6 2. d4 d5 3. exd5 exd5 4. Bd3 Nc6 5. c3 Bd6 6. Ne2 Nge7 7. O-O Be6 8.
Bf4 Qd7 9. Re1 O-O-O 10. Na3 a6 11. Qc2 Ng6 12. Bxd6 Qxd6 13. c4 Nb4 14. Qc3
Nxd3 15. Qxd3 dxc4 16. Nxc4 Bxc4 17. Qxc4 Qd5 18. Rac1 Qxc4 19. Rxc4 Rhe8 20.
Kf1 c6 21. Nc3 Rxe1+ 22. Kxe1 Ne7 23. a4 Nd5 24. Nxd5 Rxd5 25. Ke2 Kd7 26. Ke3
b5 27. Rc5 Kd6 28. axb5 axb5 29. b4 Rxc5 30. dxc5+ Ke5 31. h3 h6 32. f4+ Kd5
33. Kd3 f5 34. g3 g6 35. g4 fxg4 36. hxg4 h5 37. f5 h4 38. fxg6 Ke6 39. g7 Kf7
40. Ke3 Kxg7 41. Kf4 Kg6 42. g5 h3 43. Kg3 Kxg5 44. Kxh3 Kf4 45. Kh4 Ke4 46.
Kg5 Kd4 47. Kf5 Kc4 48. Ke6 Kxb4 49. Kd6 Ka3 50. Kxc6 b4 51. Kd6 b3 52. c6 b2
53. c7 b1=Q 54. c8=Q 1/2-1/2

[Event "Isle of Man Major Minor"]
[Site "Douglas"]
[Date "2023.11.02"]
[Round "6.18"]
[White "Jackson, Antony"]
[Black "Cross, Kyle"]
[Result "0-1"]
[WhiteElo "1366"]
[BlackElo "1664"]
[PlyCount "148"]
[EventDate "2023.10.28"]
[EventType "swiss"]
[EventRounds "7"]
[EventCountry "IOM"]
[SourceTitle "BritBase"]
[Source "John Saunders"]
[SourceDate "2023.11.12"]
[SourceVersion "1"]
[SourceVersionDate "2023.11.12"]
[SourceQuality "1"]

1. e4 c6 2. d4 d5 3. exd5 cxd5 4. h3 Bf5 5. Nc3 Nc6 6. Bb5 Nf6 7. Nf3 a6 8.
Bxc6+ bxc6 9. O-O e6 10. a3 c5 11. dxc5 Bxc5 12. Bg5 O-O 13. Re1 h6 14. Be3
Bxe3 15. Rxe3 Rb8 16. b3 Qc7 17. Rc1 Rfc8 18. Qe2 Qa7 19. Rd1 Ne4 20. Nxe4 Bxe4
21. Ne1 Rc6 22. Nd3 Bxd3 23. Rexd3 Rbc8 24. R1d2 Qc7 25. c4 dxc4 26. Rd7 Qf4
27. R7d4 Qc7 28. b4 c3 29. Rc2 Qb6 30. Qd3 Qc7 31. Rd7 Qe5 32. Qd1 Rc4 33. Rd3
Re4 34. Rd8+ Rxd8 35. Qxd8+ Kh7 36. Qd3 g6 37. g3 Qd5 38. Qxd5 exd5 39. Rxc3
Kg7 40. Kf1 Kf6 41. Rc6+ Re6 42. Rc5 Ke5 43. a4 Kd4 44. Ra5 Kc4 45. b5 axb5 46.
Rxb5 d4 47. Rb7 d3 48. Rc7+ Kb3 49. Rd7 Kc2 50. Rc7+ Kd1 51. Rb7 d2 52. Rxf7
Kc2 53. Rc7+ Kb3 54. Rb7+ Ka2 55. Rd7 Re1+ 56. Kg2 d1=Q 57. Rxd1 Rxd1 58. h4
Kb3 59. a5 Kc4 60. f4 Kd4 61. Kf3 Rd3+ 62. Kg4 Ke4 63. a6 Rd5 64. a7 h5+ 65.
Kh3 Ra5 66. a8=Q+ Rxa8 67. Kg2 Ra2+ 68. Kf1 Kf3 69. Ke1 Kxg3 70. Kd1 Kxf4 71.
Kc1 Ke3 72. Kb1 Rh2 73. Kc1 Kd3 74. Kd1 Rh1# 0-1